|
|
|
|
| LEADER |
01291nam a2200277 a 4500 |
| 001 |
GR-Patra22413 |
| 008 |
070801s2000 enk g b 000 0 gre d |
| 020 |
|
|
|a 9780262133715
|
| 040 |
|
|
|a GrPaTEI
|b gre
|c GR-PaULI
|
| 040 |
|
|
|a GrPaTEI
|b gre
|c GR-PaULI
|
| 082 |
|
0 |
|a 401
|2 21
|
| 245 |
0 |
0 |
|a Image, language, brain :
|b papers from the first mind articulation project symposium ; Edited by Alec Marantz, Yasushi Miyashita and Wayne O' Neil.
|
| 260 |
|
|
|a London :
|b MIT Press,
|c c2000
|
| 300 |
|
|
|a x, 272 σ. :
|b εικ.
|
| 504 |
|
|
|a Περιλαμβάνει βιβλιογραφικές παραπομπές
|
| 650 |
|
0 |
|a Biolinguistics
|v Congresses
|
| 650 |
|
4 |
|a Βιογλωσσολογία
|x Συνέδρια
|
| 700 |
1 |
|
|a Marantz, Alec
|
| 700 |
1 |
|
|a Miyashita, Yasushi
|
| 700 |
1 |
|
|a O'Neil, Wayne
|
| 710 |
0 |
|
|a MIT Press
|
| 942 |
|
|
|2 ddc
|
| 952 |
|
|
|0 0
|1 0
|2 ddc
|4 0
|6 401_000000000000000_IMA
|7 0
|9 302509
|a LISK
|b LISK
|c BSC
|d 2021-01-17
|e 24
|f 0
|g 0.00
|l 0
|o 401 IMA
|p 92410032161
|r 2021-01-17 00:00:00
|t 1
|w 2021-01-17
|y BK15
|x 20070801 0 1
|x GrPaTEI
|
| 952 |
|
|
|0 0
|1 0
|2 ddc
|4 0
|6 401_000000000000000_IMA
|7 1
|9 302510
|a LISK
|b LISK
|c BSC
|d 2021-01-17
|e 24
|f 0
|g 0.00
|l 0
|o 401 IMA
|p 92410032162
|r 2021-01-17 00:00:00
|t 1
|w 2021-01-17
|y BKN
|x 20070801 0 0
|x GrPaTEI
|
| 971 |
|
|
|a .b26699862
|b 15-04-20
|c 26-09-16
|
| 999 |
|
|
|c 175766
|d 175766
|